| 000 | 01227nam a22003373i 4500 | ||
|---|---|---|---|
| 001 | 183012 | ||
| 003 | SpMaBN | ||
| 005 | 20250720092501.0 | ||
| 008 | 230714e2007 sp | |||| 000 p spa | ||
| 017 |
_aM 52024-2007 _bOficina Depósito Legal Madrid |
||
| 020 |
_a9788496464711 _q14,24 € _qProveedor: Amazon |
||
| 035 | _a(OCoLC)227029029 | ||
| 035 | _aFF3360348 | ||
| 040 |
_aSpMaBN _bspa _cSpMaBN _erdc _dEs-MaACL |
||
| 080 | _a821.134.2-14"19" | ||
| 100 | 1 |
_aLucía Megías, José Manuel, _d1967- _0XX1067264 _9240291 |
|
| 245 | 1 | 0 |
_aCuaderno de bitácora / _cJosé Manuel Lucía Megías ; prólogo de J. Francisco Peña. |
| 250 | _a1ª ed. | ||
| 260 |
_aMadrid : _bSIAL, _c[2007] |
||
| 300 |
_a119 páginas ; _c21 cm |
||
| 490 | 1 |
_aContrapunto ; _v46 |
|
| 655 | 4 |
_aPoesías _2tgfbne _9176539 |
|
| 700 | 1 |
_aPeña, J. Francisco _eaui _990224 |
|
| 830 | 0 |
_aContrapunto (Madrid) ; _v46 _9233734 |
|
| 852 |
_aES-MaACL _bR. 154450 _cDEPOJ _hDonación: José Manuel Lucía Megías _jN-9082 _9200398 |
||
| 903 |
_aLucía Megías, José Manuel, _d1967- _ednr _9240291 |
||
| 942 |
_cMONOGRAFIA _n0 |
||
| 999 |
_c183012 _d183012 |
||